00485nam a2200193Ia 4500003000900000008004100009040001300050040001300063041000800076100002600084245007000110250001300180260003400193260000900227300001100236300001000247490002800257490000600285IT-RoPAU120407s9999 xx 000 0 und d aIT-RoPAU cIT-RoPAU aita aRéginald Grégoire aManuale di angiologia. Introduzione alla letteratura agiografica. aFabriano aMonastero San Silvestro Abate c1987 a455 p. c24 cm aBibliot. Montisfani, 12 v1